Welcome to CU Library Online Public Access Catalogue (OPAC)

Phlebotomy technician specialist : (Record no. 3201)

MARC details
000 -LEADER
fixed length control field 01244cam a22002774a 4500
001 - CONTROL NUMBER
control field 14513363
005 - DATE AND TIME OF LATEST TRANSACTION
control field 20250129105059.0
008 - FIXED-LENGTH DATA ELEMENTS--GENERAL INFORMATION
fixed length control field 060818s2007 nyua b 001 0 eng
020 ## - INTERNATIONAL STANDARD BOOK NUMBER
International Standard Book Number 1418001406
020 ## - INTERNATIONAL STANDARD BOOK NUMBER
International Standard Book Number 9781418001407
050 00 - LIBRARY OF CONGRESS CALL NUMBER
Classification number RB45.15
Item number .K355 2007
082 00 - DEWEY DECIMAL CLASSIFICATION NUMBER
Classification number 616.07/561
Edition information 22
100 1# - MAIN ENTRY--PERSONAL NAME
Personal name Kalanick, Kathryn A.
245 10 - TITLE STATEMENT
Title Phlebotomy technician specialist :
Remainder of title certification exam review /
Statement of responsibility, etc. Kathryn A. Kalanick.
260 ## - PUBLICATION, DISTRIBUTION, ETC.
Place of publication, distribution, etc. Clifton Park, NY :
Name of publisher, distributor, etc. Thomson Delmar Learning,
Date of publication, distribution, etc. c2007.
300 ## - PHYSICAL DESCRIPTION
Extent x, 222 p. :
Other physical details col. ill. ;
Dimensions 28 cm. +
Accompanying material 1 CD-ROM (4 3/4 in.)
650 #0 - SUBJECT ADDED ENTRY--TOPICAL TERM
Topical term or geographic name entry element Phlebotomy
Form subdivision Examinations, questions, etc.
650 #0 - SUBJECT ADDED ENTRY--TOPICAL TERM
Topical term or geographic name entry element Medical technologists
General subdivision Certification
Form subdivision Study guides.
650 12 - SUBJECT ADDED ENTRY--TOPICAL TERM
Topical term or geographic name entry element Phlebotomy
Geographic subdivision United States
Form subdivision Examination Questions.
650 22 - SUBJECT ADDED ENTRY--TOPICAL TERM
Topical term or geographic name entry element Allied Health Personnel
Geographic subdivision United States
Form subdivision Examination Questions.
650 22 - SUBJECT ADDED ENTRY--TOPICAL TERM
Topical term or geographic name entry element Certification
Geographic subdivision United States
Form subdivision Examination Questions.
856 41 - ELECTRONIC LOCATION AND ACCESS
Materials specified Table of contents only
Uniform Resource Identifier <a href="http://www.loc.gov/catdir/toc/ecip0619/2006027332.html">http://www.loc.gov/catdir/toc/ecip0619/2006027332.html</a>
856 42 - ELECTRONIC LOCATION AND ACCESS
Materials specified Contributor biographical information
Uniform Resource Identifier <a href="http://www.loc.gov/catdir/enhancements/fy1104/2006027332-b.html">http://www.loc.gov/catdir/enhancements/fy1104/2006027332-b.html</a>
856 42 - ELECTRONIC LOCATION AND ACCESS
Materials specified Publisher description
Uniform Resource Identifier <a href="http://www.loc.gov/catdir/enhancements/fy1104/2006027332-d.html">http://www.loc.gov/catdir/enhancements/fy1104/2006027332-d.html</a>
942 ## - ADDED ENTRY ELEMENTS (KOHA)
Source of classification or shelving scheme Library of Congress Classification
Koha item type Books
Suppress in OPAC No
999 ## -
-- 3201
-- 3201
Holdings
Withdrawn status Lost status Source of classification or shelving scheme Damaged status Not for loan Collection Home library Current library Shelving location Date acquired Total checkouts Full call number Barcode Date last seen Copy number Price effective from Koha item type
    Library of Congress Classification     Non-fiction Science Library (Miotso) Science Library (Miotso) General stacks 01/29/2025   RB45.15 .K355 KAL SLM00002507 01/29/2025 1 01/29/2025 Books
© 2023-2024 Copyright: Central University Libraries. All Rights Reserved | Created by: Mahone Tech Office